| 000 | 01049cam a22003133a 4500 | ||
|---|---|---|---|
| 001 | 21043 | ||
| 003 | PGUSA | ||
| 005 | 20140828083440.0 | ||
| 008 | 070412s2007||||xxu|||||s|||||000 1 eng d | ||
| 040 |
_aPGUSA _beng |
||
| 042 | _adc | ||
| 050 | 4 | _aPZ | |
| 100 | 1 |
_aReed, Talbot Baines, _d1852-1893 |
|
| 245 | 1 | 0 |
_aReginald Cruden : _bA Tale of City Life _h[electronic resource] / _cTalbot Baines Reed |
| 260 |
_bProject Gutenberg, _c2007 |
||
| 506 | _aPublic domain in the USA. | ||
| 516 | _aElectronic text | ||
| 653 | _aSnobs and snobbishness -- Juvenile fiction | ||
| 653 | _aFraud -- Juvenile fiction | ||
| 653 | _aLondon (England) -- Juvenile fiction | ||
| 653 | _aMoney -- Juvenile fiction | ||
| 653 | _aSocial classes -- England -- Juvenile fiction | ||
| 653 | _aYoung men -- Conduct of life -- Juvenile fiction | ||
| 653 | _aFinance, Personal -- Juvenile fiction | ||
| 653 | _aCity and town life -- Juvenile fiction | ||
| 830 | 0 |
_aProject Gutenberg _v21043 |
|
| 856 | 4 | 0 | _uhttp://www.gutenberg.org/ebooks/21043 |
| 942 | _cEB | ||
| 999 |
_c250298 _d250298 |
||